Europeans born abroad - Statistics

General Stats
  • This quiz has been taken 66 times
  • The average score is 7 of 20
Answer Stats
Hint Extra Hint Answer % Correct
Yves St. Laurent French Algeria 🇩🇿
68%
Alfredo Di Stéfano Spanish Argentina 🇦🇷
54%
Boris Johnson British USA 🇺🇸
54%
Freddie Mercury British Tanzania 🇹🇿
52%
Eusebio Portuguese Mozambique 🇲🇿
50%
Andrew Bonar Law British Canada 🇨🇦
44%
Ségolène Royal
French Senegal 🇸🇳
40%
Claude Makélélé French D.R. Congo 🇨🇩
38%
Joanna Lumley British India 🇮🇳
38%
Ansu Fati Spanish Guinea-Bissau 🇬🇼
32%
Eduardo Camavinga French Angola 🇦🇴
30%
John Barnes British Jamaica 🇯🇲
30%
Claudio Gentile Italian Libya 🇱🇾
30%
Louis Theroux British Singapore 🇸🇬
24%
Just Fontaine French Morocco 🇲🇦
22%
Hugo Weaving British Nigeria 🇳🇬
22%
Sifan Hassan Dutch Ethiopia 🇪🇹
20%
Richard E. Grant British Eswatini 🇸🇿
18%
Richard Dawkins British Kenya 🇰🇪
16%
Alexander McCall Smith British Zimbabwe 🇿🇼
16%
No matching quizzes found
Score Distribution
Percent of People with Each Score
Percentile by Number Answered
Your Score History
You have not taken this quiz